<?xml version="1.0" encoding="UTF-8"?>
<collection xmlns="http://www.loc.gov/MARC21/slim">
<record>
  <controlfield tag="001">126110</controlfield>
  <controlfield tag="005">20230518085139.0</controlfield>
  <datafield tag="037" ind1=" " ind2=" ">
    <subfield code="a">TAZ-TFG-2023-459</subfield>
  </datafield>
  <datafield tag="041" ind1=" " ind2=" ">
    <subfield code="a">spa</subfield>
  </datafield>
  <datafield tag="100" ind1="1" ind2=" ">
    <subfield code="a">Rihuete Marín, Alba</subfield>
  </datafield>
  <datafield tag="242" ind1="0" ind2="0">
    <subfield code="a">Literature review. The "nurse case manager" and complex chronic patients. Comparison between two autonomous communities: Andalusia and Aragon</subfield>
  </datafield>
  <datafield tag="245" ind1="0" ind2="0">
    <subfield code="a">Revisión bibliográfica. La enfermera gestora de casos y los pacientes crónicos complejos. Comparativa entre dos comunidades autónomas: Andalucía y Aragón</subfield>
  </datafield>
  <datafield tag="260" ind1=" " ind2=" ">
    <subfield code="a">Zaragoza</subfield>
    <subfield code="b">Universidad de Zaragoza</subfield>
    <subfield code="c">2023</subfield>
  </datafield>
  <datafield tag="506" ind1=" " ind2=" ">
    <subfield code="a">by-nc-sa</subfield>
    <subfield code="b">Creative Commons</subfield>
    <subfield code="c">3.0</subfield>
    <subfield code="u">http://creativecommons.org/licenses/by-nc-sa/3.0/</subfield>
  </datafield>
  <datafield tag="520" ind1=" " ind2=" ">
    <subfield code="a">Introducción: Las patologías crónicas están en aumento, con ello las complicaciones y necesidades de atención asociadas, es por ello por lo que surge la necesidad de la enfermera de gestión de casos, que va a garantizar la continuidad asistencial.&lt;br />Objetivo principal: Comparar y analizar la efectividad del modelo de enfermería de gestión de casos en las comunidades autónomas de Andalucía y Aragón.&lt;br />Metodología: Se ha llevado a cabo una revisión bibliográfica durante diciembre de 2022 y abril de 2023. Para ello se han utilizado las siguientes bases de datos: Science Direct, PubMed, Cuiden y Web of Science. &lt;br />Conclusiones: El modelo de gestión de casos en Andalucía es efectivo. Se recomienda la implementación de este modelo en Aragón ya que es una estrategia efectiva para mejorar la atención sanitaria en pacientes crónicos complejos. &lt;br />Descriptores de salud (DeCS): "enfermedad crónica", "enfermería en salud comunitaria", "gestión en salud", "manejo de caso".&lt;br />&lt;br /></subfield>
  </datafield>
  <datafield tag="521" ind1=" " ind2=" ">
    <subfield code="a">Graduado en Enfermería</subfield>
  </datafield>
  <datafield tag="540" ind1=" " ind2=" ">
    <subfield code="a">Derechos regulados por licencia Creative Commons</subfield>
  </datafield>
  <datafield tag="700" ind1=" " ind2=" ">
    <subfield code="a">Anguas Gracia, Ana</subfield>
    <subfield code="e">dir.</subfield>
  </datafield>
  <datafield tag="710" ind1="2" ind2=" ">
    <subfield code="a">Universidad de Zaragoza</subfield>
    <subfield code="b">Fisiatría y Enfermería</subfield>
    <subfield code="c">Enfermería</subfield>
  </datafield>
  <datafield tag="856" ind1="0" ind2=" ">
    <subfield code="f">798773@unizar.es</subfield>
  </datafield>
  <datafield tag="856" ind1="4" ind2=" ">
    <subfield code="s">259101</subfield>
    <subfield code="u">http://zaguan.unizar.es/record/126110/files/TAZ-TFG-2023-459.pdf</subfield>
    <subfield code="y">Memoria (spa)</subfield>
  </datafield>
  <datafield tag="909" ind1="C" ind2="O">
    <subfield code="o">oai:zaguan.unizar.es:126110</subfield>
    <subfield code="p">driver</subfield>
    <subfield code="p">trabajos-fin-grado</subfield>
  </datafield>
  <datafield tag="950" ind1=" " ind2=" ">
    <subfield code="a"></subfield>
  </datafield>
  <datafield tag="980" ind1=" " ind2=" ">
    <subfield code="a">TAZ</subfield>
    <subfield code="b">TFG</subfield>
    <subfield code="c">EUCS</subfield>
  </datafield>
  <datafield tag="999" ind1=" " ind2=" ">
    <subfield code="a">20230505144932.CREATION_DATE</subfield>
  </datafield>
  <datafield tag="951" ind1=" " ind2=" ">
    <subfield code="a">deposita:2023-05-18</subfield>
  </datafield>
</record>
</collection>